| 000 | 01348nam a2200325Ia 4500 | ||
|---|---|---|---|
| 001 | ebr5003643 | ||
| 003 | CaPaEBR | ||
| 006 | m u | ||
| 007 | cr cn||||||||| | ||
| 008 | 020419r20011839cau sb 000 0aeng d | ||
| 020 | _z1589760743 (pbk.) | ||
| 020 | _z1589760751 (eBook) | ||
| 040 |
_aCaPaEBR _cCaPaEBR |
||
| 035 | _a(OCoLC)70765395 | ||
| 050 | 1 | 4 |
_aF592 _b.L363 2001eb |
| 100 | 1 |
_aLeonard, Zenas, _d1809-1857. |
|
| 245 | 1 | 0 |
_aNarrative of the adventures of Zenas Leonard _h[electronic resource] : _bfive years as a mountain man in the Rocky Mountains / _cwritten by himself. |
| 260 |
_aSanta Barbara, Calif. : _bNarrative Press, _cc2001. |
||
| 300 | _a189 p. | ||
| 500 | _aOriginally published: Clearfield (PA) Republican, 1839. | ||
| 504 | _aIncludes bibliographical references. | ||
| 533 |
_aElectronic reproduction. _bPalo Alto, Calif. : _cebrary, _d2013. _nAvailable via World Wide Web. _nAccess may be limited to ebrary affiliated libraries. |
||
| 600 | 1 | 0 |
_aLeonard, Zenas, _d1809-1857. |
| 650 | 0 |
_aFur trade _zWest (U.S.) |
|
| 651 | 0 |
_aWest (U.S.) _xDescription and travel. |
|
| 651 | 0 |
_aWest (U.S.) _xHistory _yTo 1848. |
|
| 655 | 7 |
_aElectronic books. _2local |
|
| 710 | 2 | _aebrary, Inc. | |
| 856 | 4 | 0 |
_uhttp://site.ebrary.com/lib/rucke/Doc?id=5003643 _zAn electronic book accessible through the World Wide Web; click to view |
| 999 |
_c229 _d229 |
||